[Event "XV  MIEDZYNARODOWY FESTIWAL  SZACHOWY "]
[Site "Rewal"]
[Date "2010.08.26"]
[Round "7.5"]
[White "Brodowski, Piotr"]
[Black "Kielar, Maciej"]
[Result "1-0"]
[WhiteElo "2421"]
[BlackElo "2055"]
[PlyCount "52"]
[EventDate "2010.??.??"]

1. d4 Nf6 2. c4 g6 3. Nc3 Bg7 4. Nf3 O-O 5. Bg5 d6 6. e3 c5 7. d5 h6 8. Bh4 Bf5
9. Bd3 Bxd3 10. Qxd3 Qa5 11. Nd2 Nbd7 12. O-O a6 13. f4 b5 14. Rae1 Nb6 15. e4
Nxc4 16. Nxc4 bxc4 17. Qf3 Rfe8 18. e5 Nh7 19. Re2 Qc7 20. Rfe1 Qd7 21. Qe4 Qa4
22. Bf2 Rab8 23. h3 Qb5 24. Kh2 dxe5 25. fxe5 Ng5 26. Qf4 Rbc8 1-0

[Event "XV  MIEDZYNARODOWY FESTIWAL  SZACHOWY "]
[Site "Rewal"]
[Date "2010.08.26"]
[Round "7.6"]
[White "Janaszak, Dawid"]
[Black "Andrenko, Irina"]
[Result "0-1"]
[WhiteElo "2318"]
[BlackElo "2133"]
[PlyCount "112"]
[EventDate "2010.??.??"]

1. e4 c5 2. Nf3 d6 3. d4 cxd4 4. Nxd4 Nf6 5. Nc3 g6 6. Be3 Bg7 7. f3 Nc6 8. Qd2
O-O 9. h4 d5 10. O-O-O dxe4 11. Qe1 Nxd4 12. Bxd4 Qa5 13. fxe4 e5 14. Be3 Be6
15. a3 h5 16. Be2 Rfd8 17. Bf3 Rxd1+ 18. Qxd1 b5 19. Qd6 Rc8 20. Rd1 Ne8 21.
Qe7 a6 22. Bc5 Qc7 23. Qxc7 Rxc7 24. Be3 Rd7 25. a4 Rxd1+ 26. Kxd1 b4 27. Nd5
Bf8 28. a5 f5 29. exf5 gxf5 30. Bd2 e4 31. Bxh5 Bxd5 32. Bxe8 Bd6 33. Ke2 f4
34. Kf1 Bc4+ 35. Kg1 Bc5+ 36. Kh2 f3 37. gxf3 exf3 38. Bc6 f2 39. Bg2 Bd6+ 40.
Kh1 Kg7 41. Be3 f1=Q+ 42. Bxf1 Bxf1 43. Kg1 Bh3 44. c3 b3 45. Kf2 Kf6 46. h5
Ke6 47. h6 Bf5 48. Ke2 Kd5 49. Kd2 Kc4 50. Kc1 Bc7 51. Bg5 Bxa5 52. Bf4 Bb6 53.
Bg5 a5 54. Bf4 Bc5 55. Kd1 a4 56. Bc1 Kd3 0-1

[Event "XV  MIEDZYNARODOWY FESTIWAL  SZACHOWY "]
[Site "Rewal"]
[Date "2010.08.26"]
[Round "7.7"]
[White "Jaracz, Barbara"]
[Black "Szuper, Paul"]
[Result "1-0"]
[WhiteElo "2280"]
[BlackElo "2192"]
[PlyCount "93"]
[EventDate "2010.??.??"]

1. e4 e5 2. Nf3 Nc6 3. Bb5 a6 4. Ba4 Nf6 5. O-O Be7 6. Re1 b5 7. Bb3 d6 8. c3
O-O 9. h3 Bb7 10. d4 Re8 11. Nbd2 Bf8 12. d5 Nb8 13. Nf1 Nbd7 14. Ng3 Nc5 15.
Bc2 c6 16. b4 Ncd7 17. dxc6 Bxc6 18. Nh2 Rc8 19. Nf5 d5 20. exd5 Bxd5 21. Re3
Kh8 22. Ng4 g6 23. Nfh6 Nxg4 24. Nxg4 Be6 25. Bb3 e4 26. Re2 f5 27. Bxe6 Rxe6
28. Rd2 Rc7 29. Ne3 Bg7 30. Nd5 Rc8 31. Nf4 Re7 32. Ne6 Rxe6 33. Rxd7 Qf8 34.
Be3 Re7 35. Rd6 Rxc3 36. Bd4 Rc8 37. Rc1 Rce8 38. Rxa6 Rd7 39. Bxg7+ Qxg7 40.
Rd6 Red8 41. Rc8 Rxc8 42. Rxd7 Qf6 43. Qd5 Rb8 44. a3 Qa1+ 45. Kh2 Qf6 46. Rc7
Re8 47. Qd7 1-0

[Event "XV  MIEDZYNARODOWY FESTIWAL  SZACHOWY "]
[Site "Rewal"]
[Date "2010.08.26"]
[Round "7.8"]
[White "Robak, Zbigniew"]
[Black "Wandzik, Wojciech"]
[Result "0-1"]
[WhiteElo "2278"]
[BlackElo "2151"]
[PlyCount "70"]
[EventDate "2010.??.??"]

1. e4 c5 2. Nc3 e6 3. f4 d5 4. exd5 exd5 5. Bb5+ Nc6 6. Nf3 Nf6 7. Ne5 Bd7 8.
O-O Be7 9. Bxc6 bxc6 10. d3 O-O 11. f5 Bd6 12. Nxd7 Nxd7 13. Qh5 Rb8 14. a3 Be5
15. Nd1 Re8 16. c3 Qc7 17. Nf2 Nf6 18. Qh4 Qb6 19. g4 Bd6 20. g5 Nd7 21. f6 Ne5
22. Nh3 Ng6 23. Qf2 Qa6 24. fxg7 Rb7 25. Bf4 Qxd3 26. Bxd6 Qxh3 27. Rae1 Qg4+
28. Kh1 Re4 29. Bxc5 Nh4 30. Bd4 Nf3 31. Rxe4 dxe4 32. Bf6 Qh3 33. Rd1 Rb8 34.
Qg3 Qxg3 35. hxg3 e3 0-1

[Event "XV  MIEDZYNARODOWY FESTIWAL  SZACHOWY "]
[Site "Rewal"]
[Date "2010.08.26"]
[Round "7.9"]
[White "Piesik, Piotr"]
[Black "Guzik, Jolanta"]
[Result "1-0"]
[WhiteElo "2264"]
[BlackElo "2112"]
[PlyCount "71"]
[EventDate "2010.??.??"]

1. Nf3 d5 2. g3 g6 3. Bg2 Bg7 4. d4 Nd7 5. O-O e6 6. c4 Ngf6 7. Nc3 O-O 8. Qc2
dxc4 9. e4 c5 10. Rd1 cxd4 11. Rxd4 Ng4 12. Rd1 Qa5 13. Bf4 e5 14. Bd2 Qc5 15.
Be1 Nb6 16. Nd5 Nxd5 17. Rxd5 Qc7 18. Bb4 Rd8 19. Rxd8+ Qxd8 20. Qxc4 Be6 21.
Qe2 Qb6 22. a3 f6 23. Rd1 Rd8 24. Rxd8+ Qxd8 25. h3 Nh6 26. Qb5 Qc8 27. Bf1 Nf7
28. Nd2 a6 29. Qb6 Bf8 30. Bxf8 Kxf8 31. Nb3 Kg7 32. Nc5 Bxh3 33. Bxh3 Qxh3 34.
Qxb7 h5 35. Qe7 g5 36. Nd7 1-0

[Event "XV  MIEDZYNARODOWY FESTIWAL  SZACHOWY "]
[Site "Rewal"]
[Date "2010.08.26"]
[Round "7.10"]
[White "Klekowski, Maciej"]
[Black "Pietruszewski, Marcin"]
[Result "1-0"]
[WhiteElo "2247"]
[BlackElo "2098"]
[PlyCount "71"]
[EventDate "2010.??.??"]

1. e4 c6 2. d4 d5 3. Nc3 dxe4 4. Nxe4 Bf5 5. Ng3 Bg6 6. h4 h6 7. h5 Bh7 8. Nf3
Nd7 9. Bd3 Bxd3 10. Qxd3 Ngf6 11. Bf4 Qa5+ 12. Bd2 Qc7 13. O-O-O e6 14. Ne4
O-O-O 15. g3 Nc5 16. Nxc5 Bxc5 17. Qe3 Bd6 18. c4 c5 19. Bc3 cxd4 20. Bxd4
Qxc4+ 21. Kb1 Kb8 22. Bxa7+ Ka8 23. Rh4 Bf4 24. Qe1 Qe4+ 25. Ka1 Qxf3 26. Bd4
Bc7 27. Rc1 Nd5 28. Be5 Kb8 29. Ra4 b6 30. Ra3 Qxh5 31. Qf1 Bxe5 32. Qa6 Bxb2+
33. Kxb2 Qe5+ 34. Rcc3 Nxc3 35. Qxb6+ Kc8 36. Qc6+ 1-0

[Event "XV  MIEDZYNARODOWY FESTIWAL  SZACHOWY "]
[Site "Rewal"]
[Date "2010.08.26"]
[Round "7.11"]
[White "Klim, Kamil"]
[Black "Polok, Kacper"]
[Result "1-0"]
[WhiteElo "2245"]
[BlackElo "2041"]
[PlyCount "79"]
[EventDate "2010.??.??"]

1. d4 Nf6 2. c4 e6 3. Nf3 Bb4+ 4. Nbd2 d5 5. a3 Be7 6. g3 dxc4 7. Nxc4 c5 8.
Bg2 Nc6 9. O-O cxd4 10. b4 Qd5 11. Nfe5 Ne4 12. Nxc6 bxc6 13. Nd2 f5 14. Qc2
Bb7 15. Nxe4 fxe4 16. Bxe4 Qd7 17. Bb2 Bf6 18. Rfd1 Rd8 19. e3 e5 20. exd4 exd4
21. Re1 O-O 22. Bxh7+ Kh8 23. Rad1 c5 24. bxc5 Rfe8 25. c6 Bxc6 26. Be4 Rxe4
27. Rxe4 d3 28. Qc4 Bxe4 29. Bxf6 Re8 30. f3 Bxf3 31. Rxd3 Qf5 32. Bxg7+ Kh7
33. Bc3 Rc8 34. Rxf3 Qxf3 35. Qxc8 Qd1+ 36. Kf2 Qc2+ 37. Ke3 Qc1+ 38. Kd4 Qd1+
39. Kc5 Qg1+ 40. Kd6 1-0

[Event "XV  MIEDZYNARODOWY FESTIWAL  SZACHOWY "]
[Site "Rewal"]
[Date "2010.08.26"]
[Round "7.12"]
[White "Hansson, Hakan"]
[Black "Skawinski, Arkadiusz"]
[Result "1/2-1/2"]
[WhiteElo "2114"]
[BlackElo "2233"]
[PlyCount "100"]
[EventDate "2010.??.??"]

1. d4 d5 2. Nf3 Nf6 3. c4 c6 4. e3 Bg4 5. Be2 e6 6. Nbd2 Nbd7 7. O-O Bd6 8. b3
O-O 9. Bb2 Qb8 10. h3 Bh5 11. Re1 Ne4 12. Nxe4 dxe4 13. Nd2 Bg6 14. Bh5 Bxh5
15. Qxh5 f5 16. f4 Qe8 17. Qxe8 Raxe8 18. Rad1 Rd8 19. Nb1 c5 20. Ba3 b6 21.
Nc3 Rfe8 22. Na4 Bf8 23. dxc5 Nxc5 24. Nxc5 Bxc5 25. Bxc5 bxc5 26. Kf2 Kf7 27.
Ke2 a5 28. Rxd8 Rxd8 29. Rb1 e5 30. g3 exf4 31. gxf4 h6 32. h4 g6 33. a3 Rb8
34. Kd2 g5 35. hxg5 hxg5 36. fxg5 Kg6 37. b4 axb4 38. axb4 cxb4 39. c5 Kxg5 40.
c6 Rd8+ 41. Ke2 Rc8 42. Rxb4 Rxc6 43. Rb8 Rc2+ 44. Kd1 Rh2 45. Rg8+ Kf6 46. Ke1
Ke6 47. Rf8 Ke5 48. Re8+ Kd5 49. Rd8+ Kc4 50. Rd7 Kc3 1/2-1/2

[Event "XV  MIEDZYNARODOWY FESTIWAL  SZACHOWY "]
[Site "Rewal"]
[Date "2010.08.26"]
[Round "7.13"]
[White "Siwiec, Arkadiusz"]
[Black "Halamus, Agata"]
[Result "1/2-1/2"]
[WhiteElo "2119"]
[BlackElo "1996"]
[PlyCount "60"]
[EventDate "2010.??.??"]

1. e4 e5 2. Nf3 Nc6 3. Bb5 a6 4. Ba4 Nf6 5. O-O Nxe4 6. d4 b5 7. Bb3 d5 8. dxe5
Be6 9. c3 Be7 10. Nbd2 O-O 11. Qe2 Nc5 12. Nd4 Nxb3 13. N2xb3 Qd7 14. Nxc6 Qxc6
15. f4 Qc4 16. Qe1 g6 17. Be3 c5 18. Qg3 Bf5 19. Na5 Qe4 20. Rae1 Rac8 21. Qf2
Qc2 22. Qxc2 Bxc2 23. Rf2 Be4 24. Nb3 Rfd8 25. Rd2 Kg7 26. Bxc5 Rxc5 27. Rxe4
dxe4 28. Rxd8 Rxe5 29. Rd7 Re6 30. Kf2 f5 1/2-1/2

[Event "XV  MIEDZYNARODOWY FESTIWAL  SZACHOWY "]
[Site "Rewal"]
[Date "2010.08.26"]
[Round "7.14"]
[White "Adamski, Jan"]
[Black "Spicak, Krzysztof"]
[Result "1-0"]
[WhiteElo "2287"]
[BlackElo "2026"]
[PlyCount "65"]
[EventDate "2010.??.??"]

1. Nf3 d5 2. c4 dxc4 3. Qa4+ Nd7 4. Qxc4 Ngf6 5. g3 Nb6 6. Qc2 g6 7. Bg2 Bg7 8.
O-O O-O 9. d3 c6 10. h3 a5 11. e4 Nfd7 12. d4 e5 13. Rd1 exd4 14. Nxd4 Qe7 15.
Nc3 a4 16. f4 Bxd4+ 17. Rxd4 Qc5 18. Be3 Nc4 19. Bf2 Qb4 20. Rc1 b5 21. b3 axb3
22. axb3 c5 23. Nd5 Qa5 24. Rdd1 Ncb6 25. Ne7+ Kg7 26. Qb2+ f6 27. Ra1 Qb4 28.
Rxa8 c4 29. Nxc8 c3 30. Qa3 Qxa3 31. Rxa3 Rxc8 32. b4 c2 33. Rc1 1-0

[Event "XV  MIEDZYNARODOWY FESTIWAL  SZACHOWY "]
[Site "Rewal"]
[Date "2010.08.26"]
[Round "7.16"]
[White "Szczepkowska-horowska, Karina"]
[Black "Motyl, Tomasz"]
[Result "1/2-1/2"]
[WhiteElo "2298"]
[BlackElo "2015"]
[PlyCount "86"]
[EventDate "2010.??.??"]

1. e4 g6 2. d4 d6 3. Nf3 Bg7 4. c3 Nf6 5. Bd3 O-O 6. O-O e5 7. dxe5 dxe5 8.
Nxe5 Re8 9. Nf3 Nbd7 10. Nbd2 Nc5 11. Bc2 b6 12. e5 Ng4 13. Ne4 Ba6 14. Nxc5
Bxf1 15. Qxf1 bxc5 16. e6 Rxe6 17. Bb3 Re7 18. Bf4 Qe8 19. h3 Nf6 20. Qa6 Rb8
21. Qxa7 Qb5 22. Rb1 Rb7 23. Qa8+ Re8 24. Qa4 Qxa4 25. Bxa4 Re2 26. Bb3 c4 27.
Bxc4 Re4 28. Bxf7+ Kxf7 29. Ng5+ Kf8 30. Nxe4 Nxe4 31. Re1 Nc5 32. Bg5 c6 33.
Re2 Na4 34. Bc1 Re7 35. Kf1 Rxe2 36. Kxe2 Ke7 37. Kd3 Kd6 38. f3 Be5 39. Kc4
Nb6+ 40. Kd3 Nd5 41. Ke4 Nf6+ 42. Kd3 Nd5 43. Ke4 Nf6+ 1/2-1/2

[Event "XV  MIEDZYNARODOWY FESTIWAL  SZACHOWY "]
[Site "Rewal"]
[Date "2010.08.26"]
[Round "7.17"]
[White "Jagodzinski, Piotr"]
[Black "Siedlinski, Piotr"]
[Result "1/2-1/2"]
[WhiteElo "2189"]
[BlackElo "2000"]
[PlyCount "79"]
[EventDate "2010.??.??"]

1. e4 e5 2. Nf3 Nc6 3. Bb5 d6 4. c3 Nf6 5. d3 Bd7 6. Nbd2 Be7 7. Nf1 O-O 8. Ng3
Re8 9. O-O Bf8 10. Re1 a6 11. Ba4 b5 12. Bc2 Ne7 13. d4 Ng6 14. Nf5 c6 15. dxe5
dxe5 16. Bg5 Be6 17. Qc1 Qb6 18. Bxf6 gxf6 19. g3 Rad8 20. Kg2 Kh8 21. h4 Rd7
22. Bb3 Red8 23. Re2 a5 24. Nh6 Bxb3 25. axb3 Rd1 26. Nxf7+ Kg8 27. Qc2 Rxa1
28. Nxd8 Qxd8 29. h5 Ne7 30. Rd2 Qe8 31. g4 Qc8 32. Kh3 Qc7 33. c4 Bh6 34. Rd3
Rc1 35. Qe2 bxc4 36. bxc4 Rxc4 37. Qd1 Qb6 38. Rd8+ Kf7 39. Qd7 Qxf2 40. Qe8+
1/2-1/2

[Event "XV  MIEDZYNARODOWY FESTIWAL  SZACHOWY "]
[Site "Rewal"]
[Date "2010.08.26"]
[Round "7.18"]
[White "Sroka, Janusz"]
[Black "Dobrowolski, Marcin"]
[Result "1/2-1/2"]
[WhiteElo "2148"]
[BlackElo "1964"]
[PlyCount "137"]
[EventDate "2010.??.??"]

1. e4 d6 2. d4 Nf6 3. Nc3 g6 4. f4 Bg7 5. Nf3 O-O 6. Be3 Na6 7. Bd3 c5 8. Qd2
Ng4 9. Bg1 cxd4 10. Nxd4 e5 11. fxe5 dxe5 12. Nf3 Qa5 13. h3 Nf6 14. Be3 Be6
15. O-O Nc5 16. b4 Qxb4 17. Rfb1 Qa5 18. Rb5 Ncxe4 19. Nxe4 Qxd2 20. Nfxd2 Nxe4
21. Bxe4 Rac8 22. Rc1 b6 23. Bd5 Bxd5 24. Rxd5 Rc3 25. Bg5 f5 26. Nf3 e4 27.
Nd4 Re8 28. Nb5 Rc4 29. Nd6 Rd4 30. c4 Re6 31. Nb5 Rd3 32. Rd1 Rxd1+ 33. Rxd1
h6 34. Rd8+ Kh7 35. Be3 g5 36. Rd7 Kg6 37. Bd4 Bf8 38. Rd8 Bb4 39. a3 Ba5 40.
Rd6 Kf7 41. Rxe6 Kxe6 42. Nxa7 f4 43. Kf2 h5 44. Nc6 Bd2 45. Bxb6 g4 46. hxg4
hxg4 47. a4 Kf5 48. a5 e3+ 49. Ke2 Ke4 50. Bxe3 Bxe3 51. a6 f3+ 52. gxf3+ gxf3+
53. Kf1 Bc5 54. Na5 Ke5 55. Nb3 Ba7 56. c5 Kd5 57. Kf2 Kc4 58. Kxf3 Kb5 59. Ke4
Kxa6 60. c6 Kb6 61. Kd5 Kc7 62. Na5 Bf2 63. Nb7 Bg3 64. Na5 Kc8 65. Nc4 Bh2 66.
Nd6+ Bxd6 67. Kxd6 Kd8 68. c7+ Kc8 69. Kc6 1/2-1/2

[Event "XV  MIEDZYNARODOWY FESTIWAL  SZACHOWY "]
[Site "Rewal"]
[Date "2010.08.26"]
[Round "7.19"]
[White "Nasuta, Grzegorz"]
[Black "Kastelik, Adrian"]
[Result "1-0"]
[WhiteElo "2102"]
[BlackElo "1942"]
[PlyCount "105"]
[EventDate "2010.??.??"]

1. e4 e5 2. Nf3 Nc6 3. Bb5 Nf6 4. O-O Nxe4 5. d4 Nd6 6. dxe5 Nxb5 7. a4 d6 8.
e6 fxe6 9. axb5 Ne7 10. Re1 Ng6 11. Ng5 Be7 12. Nxe6 Bxe6 13. Rxe6 Qc8 14. Re1
O-O 15. Nc3 c6 16. Be3 Qc7 17. Rxa7 d5 18. Rxa8 Rxa8 19. bxc6 bxc6 20. Nxd5 Qb7
21. Nxe7+ Nxe7 22. Bc5 Ng6 23. Qd6 Nf8 24. b4 h6 25. h3 Rc8 26. Re7 Qb8 27. Qd4
Ne6 28. Rxe6 Rd8 29. Rd6 Re8 30. g3 Qb5 31. c4 Qb8 32. Rd7 Re1+ 33. Kg2 Qe5 34.
Qxe5 Rxe5 35. Bd4 Re4 36. Kf3 Re6 37. Rxg7+ Kf8 38. Rc7 h5 39. Rh7 Kg8 40. Rxh5
c5 41. Rxc5 Kh7 42. b5 Rd6 43. Rc7+ Kg8 44. b6 Rxd4 45. b7 Rd3+ 46. Kg2 Rd8 47.
Rc8 Kg7 48. Rxd8 Kg6 49. b8=Q Kf5 50. Qf4+ Ke6 51. Rd6+ Ke7 52. Qf6+ Ke8 53.
Rd8# 1-0

[Event "XV  MIEDZYNARODOWY FESTIWAL  SZACHOWY "]
[Site "Rewal"]
[Date "2010.08.26"]
[Round "7.20"]
[White "Wiewiora, Eneasz"]
[Black "Reza, Wojciech"]
[Result "1/2-1/2"]
[WhiteElo "2042"]
[BlackElo "1940"]
[PlyCount "31"]
[EventDate "2010.??.??"]

1. d4 Nf6 2. c4 e6 3. Nc3 Bb4 4. f3 d5 5. a3 Bxc3+ 6. bxc3 c5 7. cxd5 Nxd5 8.
Qd2 Qa5 9. Bb2 Nc6 10. e4 Nb6 11. Rd1 O-O 12. Bd3 c4 13. Bb1 Qb5 14. Qc2 e5 15.
d5 Na5 16. Ne2 1/2-1/2

[Event "XV  MIEDZYNARODOWY FESTIWAL  SZACHOWY "]
[Site "Rewal"]
[Date "2010.08.26"]
[Round "7.22"]
[White "Gola, Karol"]
[Black "Puczylowski, Marcin"]
[Result "1/2-1/2"]
[WhiteElo "2212"]
[BlackElo "2034"]
[PlyCount "35"]
[EventDate "2010.??.??"]

1. e4 c5 2. Nf3 Nc6 3. Bb5 Na5 4. Be2 d6 5. O-O e5 6. c3 Nf6 7. Re1 Bd7 8. d4
Qc7 9. Bd3 Be7 10. Na3 c4 11. Bf1 O-O 12. Bg5 a6 13. dxe5 dxe5 14. Nxc4 Nxc4
15. Bxc4 Rad8 16. Qe2 Bc6 17. Bd3 Rd7 18. Bxf6 1/2-1/2

[Event "XV  MIEDZYNARODOWY FESTIWAL  SZACHOWY "]
[Site "Rewal"]
[Date "2010.08.26"]
[Round "7.23"]
[White "Mucha, Marcin"]
[Black "Rogala, Robert"]
[Result "0-1"]
[WhiteElo "2088"]
[BlackElo "2037"]
[PlyCount "117"]
[EventDate "2010.??.??"]

1. d4 Nf6 2. c4 g6 3. Nc3 d6 4. e4 Bg7 5. Be2 O-O 6. Nf3 e5 7. O-O Nbd7 8. Qc2
c6 9. Rd1 Qc7 10. d5 c5 11. a3 a6 12. Rb1 b6 13. Ne1 Ne8 14. Be3 f5 15. f3 f4
16. Bf2 g5 17. b4 Nef6 18. Qa4 Bb7 19. Rb2 Rab8 20. Rdb1 h5 21. Kh1 Kf7 22. Bg1
Rg8 23. Qd1 Bf8 24. Na4 Bc8 25. Nd3 Be7 26. Nf2 Rb7 27. Rb3 Bd8 28. R1b2 Be7
29. Qb1 Ra7 30. Nd3 Ra8 31. Qc2 Rb8 32. Qb1 Ra8 33. bxc5 bxc5 34. Qe1 g4 35.
Bf1 Nh7 36. Nb6 Nxb6 37. Rxb6 Ra7 38. Rc6 Qd7 39. Bxc5 gxf3 40. gxf3 Rb7 41.
Rxb7 Bxb7 42. Rb6 Rg6 43. Bf2 Bd8 44. Rb1 Ng5 45. Qe2 Bc8 46. c5 Bf6 47. c6 Qd8
48. Bb6 Qg8 49. Ba7 Nh3 50. Bg2 Qd8 51. Rb7+ Be7 52. Qe1 Rg8 53. Qh4 Bxb7 54.
Qxh5+ Kg7 55. cxb7 Qc7 56. Qxh3 Qxb7 57. Bf2 Kf7 58. Bf1 Qb8 59. Nb4 {
zapis nieczytelny} 0-1

[Event "XV  MIEDZYNARODOWY FESTIWAL  SZACHOWY "]
[Site "Rewal"]
[Date "2010.08.26"]
[Round "7.24"]
[White "Sachryn, Krystian"]
[Black "Gabrys, Sebastian"]
[Result "1-0"]
[WhiteElo "1862"]
[BlackElo "1833"]
[PlyCount "87"]
[EventDate "2010.??.??"]

1. c4 Nf6 2. Nf3 g6 3. g3 Bg7 4. Bg2 O-O 5. O-O d6 6. Nc3 e5 7. d3 Nc6 8. Rb1
Bg4 9. b4 a6 10. b5 axb5 11. Rxb5 Qc8 12. Bg5 h6 13. Bxf6 Bxf6 14. Nd5 Bd8 15.
Qd2 Kg7 16. Rfb1 Rb8 17. Qb2 b6 18. a4 Ra8 19. Ra1 Qa6 20. e3 Ra7 21. Nd2 Ne7
22. Nb4 Qc8 23. Nc6 Nxc6 24. Bxc6 Bd7 25. Bxd7 Qxd7 26. f4 Bf6 27. Ne4 Rfa8 28.
Nxf6 Kxf6 29. fxe5+ Ke7 30. exd6+ Qxd6 31. Re5+ Kf8 32. Rd5 Qe6 33. Qh8+ Ke7
34. Qxh6 Rxa4 35. Rxa4 Rxa4 36. Qh4+ f6 37. Qh7+ Ke8 38. Qh8+ Kf7 39. Qh7+ Ke8
40. Qxg6+ Ke7 41. Qg7+ Ke8 42. e4 Ra1+ 43. Kf2 Ra2+ 44. Ke3 1-0

[Event "XV  MIEDZYNARODOWY FESTIWAL  SZACHOWY "]
[Site "Rewal"]
[Date "2010.08.27"]
[Round "8.2"]
[White "Brodowski, Piotr"]
[Black "Sharapov, Evgeny"]
[Result "1/2-1/2"]
[WhiteElo "2421"]
[BlackElo "2499"]
[PlyCount "65"]
[EventDate "2010.??.??"]

1. c4 c5 2. Nf3 Nc6 3. d4 cxd4 4. Nxd4 e6 5. Nc3 Nf6 6. Bf4 d5 7. cxd5 Nxd5 8.
Nxc6 bxc6 9. Bd2 Bb4 10. Qc2 O-O 11. e4 Nxc3 12. bxc3 Bc5 13. Bc4 Qa5 14. O-O
Ba6 15. Bxa6 Qxa6 16. Bf4 Qc4 17. Rad1 Rfd8 18. g3 f6 19. Rxd8+ Rxd8 20. Rd1
Rxd1+ 21. Qxd1 h6 22. Qc2 a5 23. a4 e5 24. Bc1 Kf7 25. Kg2 h5 26. h3 g5 27. Kg1
g4 28. h4 Kg7 29. Qd2 Qxe4 30. Qd7+ Kg6 31. Qe8+ Kg7 32. Qd7+ Kg6 33. Qe8+
1/2-1/2

[Event "XV  MIEDZYNARODOWY FESTIWAL  SZACHOWY "]
[Site "Rewal"]
[Date "2010.08.27"]
[Round "8.3"]
[White "Rudolf, Michal"]
[Black "Andrenko, Irina"]
[Result "1-0"]
[WhiteElo "2372"]
[BlackElo "2133"]
[PlyCount "115"]
[EventDate "2010.??.??"]

1. d4 g6 2. Nf3 Bg7 3. e4 d6 4. Bc4 c6 5. Nc3 d5 6. Bb3 Nf6 7. e5 Ng8 8. h3 a5
9. a4 b6 10. O-O e6 11. Bf4 Ba6 12. Re1 Nd7 13. Nb1 Ne7 14. Qd2 Nf5 15. c3 h6
16. Bc2 Nh4 17. Nh2 Nf5 18. Ng4 h5 19. Bg5 Qc7 20. Ne3 Nxe3 21. Qxe3 c5 22. Na3
Bf8 23. Rac1 c4 24. Nb1 b5 25. axb5 Bxb5 26. Nd2 a4 27. Ra1 Nb6 28. Qf4 Be7 29.
Nf3 Rh7 30. Bxe7 Qxe7 31. Ng5 Rg7 32. Re3 Kd8 33. Qf6 Be8 34. Qxg7 Qxg5 35. Qf8
Qe7 36. Qxe7+ Kxe7 37. g4 hxg4 38. hxg4 Rb8 39. Ra2 Kf8 40. Rh3 Kg7 41. Kg2 Rb7
42. Kg3 Nc8 43. f4 Bd7 44. Rh2 Nb6 45. Ra1 Rb8 46. Rah1 Rg8 47. Rh7+ Kf8 48.
Rh8 Kg7 49. R1h7+ Kf8 50. Kh4 Nc8 51. Bxg6 Rxh8 52. Rxh8+ Kg7 53. Rd8 Nb6 54.
Bc2 a3 55. bxa3 Ba4 56. Rb8 Nd7 57. Bxa4 Nxb8 58. Bb5 1-0

[Event "XV  MIEDZYNARODOWY FESTIWAL  SZACHOWY "]
[Site "Rewal"]
[Date "2010.08.27"]
[Round "8.4"]
[White "Koziak, Vitali"]
[Black "Klim, Kamil"]
[Result "1-0"]
[WhiteElo "2470"]
[BlackElo "2245"]
[PlyCount "83"]
[EventDate "2010.??.??"]

1. e4 c5 2. Nf3 d6 3. d4 cxd4 4. Nxd4 Nf6 5. Nc3 a6 6. Bg5 Nc6 7. Qd2 e6 8.
O-O-O Bd7 9. f3 Rc8 10. Nxc6 Rxc6 11. Kb1 Be7 12. h4 h6 13. Be3 h5 14. Bd3 Qb8
15. Bg5 Rc7 16. Ne2 e5 17. Ng3 b5 18. f4 Qb6 19. Rdf1 b4 20. fxe5 dxe5 21. Nf5
Bxf5 22. Rxf5 Qe6 23. Bxf6 Bxf6 24. Qxb4 g6 25. Rf3 Bd8 26. b3 Re7 27. Qa4+ Kf8
28. Qxa6 Qg4 29. Rhf1 Kg7 30. g3 Rf8 31. Qd6 Rd7 32. Qxe5+ Kg8 33. Qf4 Qe6 34.
Bc4 Qb6 35. e5 Rc7 36. e6 Kg7 37. exf7 Rc6 38. Qe5+ Bf6 39. Rxf6 Rxf6 40. a4
Qd6 41. Qc3 Rc8 42. a5 1-0

[Event "XV  MIEDZYNARODOWY FESTIWAL  SZACHOWY "]
[Site "Rewal"]
[Date "2010.08.27"]
[Round "8.5"]
[White "Oliwa, Marek"]
[Black "Klekowski, Maciej"]
[Result "1-0"]
[WhiteElo "2418"]
[BlackElo "2247"]
[PlyCount "53"]
[EventDate "2010.??.??"]

1. d4 f5 2. Nf3 Nf6 3. c4 g6 4. Nc3 Bg7 5. Qc2 d6 6. e4 fxe4 7. Nxe4 O-O 8. Ng3
Nc6 9. Be2 Ng4 10. Qe4 e5 11. dxe5 Ngxe5 12. Nxe5 Bxe5 13. O-O Re8 14. Qd5+ Be6
15. Qd1 Qf6 16. Rb1 Rad8 17. f4 Bd4+ 18. Kh1 d5 19. f5 gxf5 20. cxd5 Bxd5 21.
Rxf5 Qe6 22. Bg5 Ne7 23. Bxe7 Rxe7 24. Bg4 Qe3 25. Qf1 c5 26. b3 Re5 27. Rd1
1-0

[Event "XV  MIEDZYNARODOWY FESTIWAL  SZACHOWY "]
[Site "Rewal"]
[Date "2010.08.27"]
[Round "8.6"]
[White "Wandzik, Wojciech"]
[Black "Korneevets, Alexander"]
[Result "1-0"]
[WhiteElo "2151"]
[BlackElo "2314"]
[PlyCount "93"]
[EventDate "2010.??.??"]

1. e4 c5 2. Nf3 d6 3. Bb5+ Bd7 4. Bxd7+ Qxd7 5. O-O Nc6 6. c3 Nf6 7. Re1 e6 8.
d4 cxd4 9. cxd4 d5 10. e5 Ne4 11. Nbd2 Nxd2 12. Bxd2 Be7 13. Rc1 O-O 14. Rc3
Rfc8 15. a3 b5 16. Rd3 a5 17. h4 b4 18. a4 h6 19. Nh2 f5 20. exf6 Bxf6 21. Qg4
Kh8 22. Rxe6 Re8 23. Rxe8+ Qxe8 24. Be3 Qe4 25. Rd1 Rd8 26. b3 Bxh4 27. Rc1 Rd6
28. Qc8+ Nd8 29. Nf3 Be7 30. Ne5 Kh7 31. Qc7 Bf8 32. Qxa5 Ne6 33. Qxb4 Rc6 34.
Qd2 Rxc1+ 35. Qxc1 Nxd4 36. Bxd4 Qxd4 37. Qc2+ Kg8 38. Qf5 Bc5 39. g3 Qc3 40.
Nd3 Bd4 41. Qxd5+ Kh8 42. Qa8+ Kh7 43. Qe4+ Kh8 44. b4 Qc4 45. Kg2 Qc3 46. a5
Qa1 47. Qe1 1-0

[Event "XV  MIEDZYNARODOWY FESTIWAL  SZACHOWY "]
[Site "Rewal"]
[Date "2010.08.27"]
[Round "8.7"]
[White "Piesik, Piotr"]
[Black "Jaracz, Barbara"]
[Result "0-1"]
[WhiteElo "2264"]
[BlackElo "2280"]
[PlyCount "66"]
[EventDate "2010.??.??"]

1. Nf3 Nf6 2. g3 d5 3. Bg2 g6 4. O-O Bg7 5. d3 O-O 6. Nbd2 c5 7. e4 Nc6 8. c3
e5 9. Re1 d4 10. c4 h6 11. Nf1 Be6 12. Nh4 Nd7 13. Qe2 a6 14. a4 Nb4 15. a5 Nb8
16. Ra3 N8c6 17. f3 Nxa5 18. Qf2 b5 19. cxb5 axb5 20. f4 Nb3 21. Qe2 c4 22. f5
Rxa3 23. bxa3 Nxd3 24. Bxh6 Bxh6 25. fxe6 Nxe1 26. Qg4 Nxg2 27. Nf5 Qg5 28.
Nxh6+ Qxh6 29. e7 Ne3 30. exf8=R+ Kxf8 31. Qc8+ Kg7 32. Qe8 Qg5 33. h4 Qf6 0-1

[Event "XV  MIEDZYNARODOWY FESTIWAL  SZACHOWY "]
[Site "Rewal"]
[Date "2010.08.27"]
[Round "8.8"]
[White "Halamus, Agata"]
[Black "Janaszak, Dawid"]
[Result "1-0"]
[WhiteElo "1996"]
[BlackElo "2318"]
[PlyCount "78"]
[EventDate "2010.??.??"]

1. e4 c5 2. Nf3 g6 3. Nc3 Bg7 4. Bc4 Nc6 5. O-O d6 6. h3 Nf6 7. Re1 O-O 8. d3
Na5 9. Bg5 h6 10. Bd2 Nxc4 11. dxc4 Kh7 12. Qe2 e5 13. Rad1 Qe7 14. Nh2 Be6 15.
g4 a6 16. Nf1 b5 17. Nd5 Nxd5 18. cxd5 Bd7 19. Ng3 c4 20. Kh2 Qh4 21. Rg1 h5
22. f3 hxg4 23. fxg4 Rh8 24. Kg2 Kg8 25. Rh1 Rf8 26. Rdf1 Qd8 27. g5 Qc8 28. h4
f5 29. exf5 gxf5 30. Nh5 f4 31. Nxg7 Kxg7 32. Qf2 Bf5 33. Re1 Bxc2 34. Qf3 Qf5
35. Bc3 Kg8 36. Qh3 Be4+ 37. Kf2 Bxh1 38. Qxh1 f3 39. Qh2 Qc2+ 1-0

[Event "XV  MIEDZYNARODOWY FESTIWAL  SZACHOWY "]
[Site "Rewal"]
[Date "2010.08.27"]
[Round "8.9"]
[White "Kielar, Maciej"]
[Black "Adamski, Jan"]
[Result "0-1"]
[WhiteElo "2055"]
[BlackElo "2287"]
[PlyCount "62"]
[EventDate "2010.??.??"]

1. e4 c5 2. Nf3 e6 3. d4 cxd4 4. Nxd4 a6 5. Nc3 b5 6. Bd3 Bb7 7. O-O Nc6 8.
Nxc6 Bxc6 9. f4 b4 10. Ne2 Bc5+ 11. Kh1 Nf6 12. Ng3 h5 13. Qf3 h4 14. Ne2 Qb6
15. Ng1 Bxg1 16. Rxg1 Nh5 17. h3 f5 18. Be3 Qb7 19. Rad1 fxe4 20. Qg4 exd3 21.
Qg6+ Kf8 22. cxd3 Rh6 23. Qg5 Ng3+ 24. Kh2 Nf5 25. Bc5+ d6 26. Bf2 Kf7 27. Rge1
Rg6 28. Qh5 Rh8 29. Qxh8 Rxg2+ 30. Kh1 Rxf2+ 31. Kg1 Rg2+ 0-1

[Event "XV  MIEDZYNARODOWY FESTIWAL  SZACHOWY "]
[Site "Rewal"]
[Date "2010.08.27"]
[Round "8.10"]
[White "Obrusnik, Michal"]
[Black "Hansson, Hakan"]
[Result "1-0"]
[WhiteElo "2196"]
[BlackElo "2114"]
[PlyCount "63"]
[EventDate "2010.??.??"]

1. e4 e6 2. d4 d5 3. Nc3 Nf6 4. Bg5 Be7 5. e5 Nfd7 6. h4 Bxg5 7. hxg5 Qxg5 8.
Qd3 Nf8 9. Nh3 Qe7 10. Nf4 c6 11. Nh5 f5 12. exf6 gxf6 13. O-O-O b6 14. Re1
Nbd7 15. Qg3 Kd8 16. Bd3 e5 17. dxe5 fxe5 18. f4 Kc7 19. fxe5 Kb7 20. b4 a6 21.
e6 Nxe6 22. Bf5 Ndf8 23. Qe5 Qg5+ 24. Kb2 Rg8 25. Nf6 Rg7 26. Ne8 Re7 27. Nd6+
Ka7 28. b5 axb5 29. Ncxb5+ cxb5 30. Nxb5+ Ka6 31. Qxd5 Nc5 32. Bxc8+ 1-0